| 000 | 02899nam0a2200469 4500 | ||
|---|---|---|---|
| 001 | RU\NLR\bibl\58171 | ||
| 005 | 20260405132045.0 | ||
| 010 |
_a5-277-01994-4 _93000 |
||
| 020 |
_aRU _b98-28122 _9Книжная летопись |
||
| 021 |
_aRU _b98-17579 _9833 |
||
| 035 | _a(NLR Aleph) 000056726 | ||
| 090 |
_a307005 _c307005 |
||
| 100 | _a19990528d1998 |||y0rusy50 ca | ||
| 101 | 0 | _arus | |
| 102 | _aRU | ||
| 105 | _ay ||||||||| | ||
| 200 | 1 |
_aОрганизация, нормирование и оплата труда на железнодорожном транспорте _e[Учеб. для вузов ж.-д. трансп. _fЮ. Д. Петров, М. В. Белкин, В. П. Катаев и др.] _gПод ред. Ю. Д. Петрова, М. В. Белкина |
|
| 210 |
_aМ. _cТранспорт _d1998 |
||
| 215 |
_a279 с. _d22 |
||
| 225 | 1 | _aВысшее образование | |
| 300 | _aАвт. указаны на обороте тит. л. | ||
| 320 | _aБиблиогр.: с. 274-275 | ||
| 461 | 0 |
_12001#$aВысшее образование _tВысшее образование |
|
| 606 | 0 |
_aЖелезнодорожный транспорт _jРуководства, пособия и т.п. для высшей школы _yРоссийская Федерация _92074039 _3RU\NLR\auth\661249003 |
|
| 606 | 0 |
_aЖелезнодорожный транспорт _jУчебные издания для высшей школы _xЗаработная плата _yРоссийская Федерация _92116684 _3RU\NLR\auth\661278644 |
|
| 606 | 0 |
_aЖелезнодорожный транспорт _jРуководства, пособия и т.п. для высшей школы _xНормирование труда _yРоссийская Федерация _92116686 _3RU\NLR\auth\661278645 |
|
| 606 | 0 |
_aЖелезнодорожный транспорт _jУчебные издания для высшей школы _xНормирование труда _yРоссийская Федерация _92116686 _3RU\NLR\auth\661278645 |
|
| 610 | 0 | _aЖелезнодорожный транспорт - Техническое нормирование | |
| 610 | 0 | _aЖелезнодорожный транспорт - Заработная плата | |
| 675 |
_a656.2:[658.310.3+658.53+658.32](075.8) _v3 _zrus |
||
| 686 |
_a73.29 _2rugasnti |
||
| 686 |
_a39.2 _2rubbk |
||
| 686 | _aУ37(2)2-645я73 | ||
| 701 | 1 |
_4070 _8rus _7ca _aПетров _bЮ. Д. _cканд. экон. наук _gЮрий Дмитриевич _3RU\NLR\auth\7752953 _935886 |
|
| 701 | 1 |
_aБелкин _bМ. В. _gМихаил Васильевич _4070 |
|
| 701 | 1 |
_aКатаев _bВ. П. _gВладимир Пантелеевич _4070 |
|
| 801 | 0 |
_aRU _bRKP _c19990528 _gPSBO |
|
| 801 | 1 |
_aRU _bRKP _c19990528 |
|
| 801 | 2 |
_aRU _bNLR _c20070608 _grcr |
|
| 852 |
_aNLR _j98-5/1630 |
||
| 942 | _cBOOK | ||
| 980 | _aNB | ||